1754 1412 1577 1819 1129 1684 1576 1020 1797 1429 1457 1997 1765 1846 1693 1258 1652 1174 1516 1198 1948 1221 1797 1456 1296 1070 1175 1880 1768 1767 1918 1908 1696 1799 1074 1857 1881 1546 1321 1270 1888 1369 1408 1002 1975 1637 1795 1462 1626 1701 1258 1722 1637 1815 1268 1574 1426 1218 1192 1011 1991 1060 1193 1275 1783 1519 1534 1178 1507 1127 1079 1932 1646 1340 1372 1005 2000 1147 1588 1011 1398 1412 1770 1102 1584 1053 1932 1169 1135 1415 1861 1871 1487 1052 1441 1446 1594 1772 1449 BCNSPRNW ULIB Ver.6.0+V

เปลี่ยนเป็นภาษาไทย

Change to English
 แสดงรายละเอียดบรรณานุกรม
  กลับหน้าหลัก

Brief Record : Get Marc (ISO 2709) : E-mail record : QR code < ปิดหน้าต่าง
LEADER : 00000nam 2200000uu 4500
001    13399112069
003     ULIB
008    110726s2542||||th 000 0 tha d
020    9748669033
060 04 WY100.4^bก365ค 2542
245 00 คู่มือการวินิจฉัยการพยาบาล 1995-1996 =^bManual of nursing diagnosis 1995-1996 /^cโดย Marjory Gordon ;^cvผู้แปล,ศิริพร ขัมภลิขิต, สุภาพ ธีระประทีป, ธีรนุช ห้านิรัติศัย
246 31 Manual of nursing diagnosis 1995-1996
260    กรุงเทพฯ :^bบุ๊คเน็ท,^c2542
300    (20), 269 หน้า
650  2 Nursing Diagnosis
650  7 การพยาบาล, การวินิจฉัย
700 1  Gordon, Marjory,^eผู้แต่ง
700 0  ศิริพร ขัมภลิขิต,^eผู้แปล
700 0  สุภาพ ธีระประทีป,^eผู้แปล
700 0  ธีรนุช ห้านิรัติศัย,^eผู้แปล
945    ^p0^l0^i010546
945    ^p0^l0^i010547
945    ^p0^l0^i010548
945    ^p0^l0^i012173
945    ^p0^l0^i012174
945    ^p0^l0^i012175
945    ^p0^l0^i012176
945    ^p0^l0^i012177
945    ^p0^l0^i012178
995    ทศพร
999 ^a ทศพร
รายการนี้ยังไม่มีแท็ก
คุณยังไม่ได้ล็อกอิน คุณสามารถมีกิจกรรมร่วมกับเว็บไซต์ได้ แต่ต้องล็อกอินก่อน ::
  ล็อกอิน

รายการสื่อสารสนเทศ

ลำดับที่ ประเภท เลขเรียก/บาร์โค้ด สถานที่ สถานะ
- ไม่พบข้อมูล -

รายการใกล้เคียง
    หัวเรื่อง [Nursing Diagnosis]
    หัวเรื่อง [การพยาบาล, การวินิจฉัย]

BibComment


ยังไม่เคยถูกคอมเมนท์

คอมเมนท์ทรัพยากรรายการนี้
  คอมเมนท์: คู่มือการวินิจฉัย..


 Copyright 2026. Bcnsprnw @Library